Premier League Winners by Season - Sudden Death - Statistics

General Stats
  • This quiz has been taken 46 times
  • The average score is 7 of 18
Answers on the Grid
Answers color-coded by a green-red scale on the quiz's grid according to % correct below.
1992/93 Leeds United
1993/94 Manchester United
1994/95 Manchester United
1995/96 Blackburn Rovers
1996/97 Newcastle United
1997/98 Manchester United
1998/99 Manchester United
1999/00 Manchester United
2000/01 Arsenal
2001/02 Arsenal
2002/03 Manchester United
2003/04 Arsenal
2004/05 Manchester United
2005/06 Chelsea
2006/07 Manchester United
2007/08 Manchester United
2008/09 Chelsea
2009/10 Chelsea
2010/11 Manchester City
2011/12 Manchester United
2012/13 Manchester United
2013/14 Manchester City
2014/15 Chelsea
2015/16 Leicester City
2016/17 Manchester City
2017/18 Manchester City
2018/19 Manchester City
2019/20 Liverpool
2020/21 Tottenham Hotspur
2021/22 Manchester City
2022/23 Arsenal
2023/24 Aston Villa
2024/25 Manchester City
 
Answer Stats
Answer % Correct
2019/20 Liverpool
69%
2021/22 Manchester City
66%
2015/16 Leicester City
59%
2017/18 Manchester City
52%
2014/15 Chelsea
48%
2018/19 Manchester City
48%
2003/04 Arsenal
45%
2012/13 Manchester United
45%
2013/14 Manchester City
41%
1993/94 Manchester United
34%
2007/08 Manchester United
34%
1998/99 Manchester United
28%
2009/10 Chelsea
28%
2001/02 Arsenal
24%
2005/06 Chelsea
24%
1999/00 Manchester United
21%
2006/07 Manchester United
14%
2002/03 Manchester United
10%
No matching quizzes found
Score Distribution
Percent of People with Each Score
Percentile by Number Answered
Your Score History
You have not taken this quiz